Music Quiz

Random Music or Food Quiz

Musical Artist Cakes Quiz Stats

 Plays Quiz Updated Apr 29, 2016

Score 0/22 Timer 06:00
0 Plays Today
% Correct
Elvis Presley
98%
The Beatles
95.7%
KISS
93.6%
David Bowie
86%
Marilyn Manson
81.2%
Prince
80.8%
Frank Sinatra
80%
Jimi Hendrix
79.5%
Red Hot Chili Peppers
78%
Bruce Springsteen
73.6%
AC/DC
64.1%
% Correct
Nirvana
62.4%
Daft Punk
60.7%
Grateful Dead
48.3%
Oasis
46.7%
Foo Fighters
44.9%
Spın̈al Tap
37.5%
Motörhead
37%
Metallica
33.1%
The White Stripes
28.7%
Beastie Boys
20.2%
Depeche Mode
10.7%

You're not logged in!

Compare scores with friends on all Sporcle quizzes.
OR
Log In

Show Comments

Extras

Top Quizzes Today


Score Distribution

Your Account Isn't Verified!

In order to create a playlist on Sporcle, you need to verify the email address you used during registration. Go to your Sporcle Settings to finish the process.

Report this User

Report this user for behavior that violates our Community Guidelines.

Details: